Rovnání svařenců indukovaným teplem

Podrobná bibliografia
Hlavný autor: Kratochvíl, Pravoslav (Autor)
Médium: Článok
Jazyk:slovenčina
čeština
Fyzický popis:Obr. 2. Tb. 1. Sch. 2., lit. 7 zázn. v češ.
Predmet:

MARC

LEADER 00000nab a2200000 a 4500
001 vtls000265272
003 SK-MaSNL
005 20260304072906.0
008 250423c1986 xo 0 slo
015 |a SNBRB19rr/mm-uuuuu 
035 |a CL0275386 
035 |a urn:nbn:sk:snk-ab6ppd 
035 |a (uuid)6f486e22-9bb9-4178-8355-6aaaa9fae668 
035 |a (urnnbn)urn:nbn:sk:snk:ar-005r0t 
035 |a (sysno)vtls000265272 
040 |a SNKBUCL  |b slo  |c SNKBUCL  |e AACR2 
041 0 |a cze 
044 |a xo  |c SK 
080 |a 621.982:621.365.5:621.791.05  |2 1981 
080 |a 621.365.5  |2 1981 
080 |a 621.791.05  |2 1981 
080 |a 621.791  |2 1981 
100 1 |a Kratochvíl, Pravoslav  |4 aut  |9 1179046 
245 1 0 |a Rovnání svařenců indukovaným teplem  |c Pravoslav Kratochvíl 
300 |b Obr. 2. Tb. 1. Sch. 2., lit. 7 zázn. v češ. 
650 0 7 |a konštrukcie oceľové  |2 snkbucl  |9 489019 
650 0 7 |a zváranie oblúkové  |2 snkbucl  |9 823341 
650 0 7 |a deformácie  |2 snkbucl  |9 14637 
650 0 7 |a rovnanie indukčné  |2 snkbucl  |9 1361148 
655 7 |a články z novín a časopisov  |2 snkbucl  |9 267496 
773 0 |t Zváranie  |g Roč. 35, č. 11 (1986), s. 335-340 
850 |a Slovenská národná knižnica 
852 |a Slovenská národná knižnica 
954 |a odborná, vedecká literatúra pôvodná (slovenská)  |2 lita 
954 |a odborná, vedecká literatúra cudzojazyčná (svetová)  |2 lita 
958 |a article 
958 |a OND 
958 |a NB 
958 |a RK 
958 |a CZ 
958 |a EUIPO 
992 |a RBX 
999 |c 2768405  |d 2770335